000 00809nam a2200265 i 4500
001 000009507
003 DO-SdBNP
005 20240412074211.0
007 ta
008 090930s1993 dr a 000 p spa d
040 _aDO-SdBNP
_bspa
_cBNPHU
_erda
082 4 _aRD861.44
_bA452d
_222
100 1 _aAlmonó R., Joel,
_d1959-
_924321
_eautor
245 1 0 _aDolor del tiempo /
_cJoel Almonó R.
264 _aSanto Domingo :
_bAlfa y Omega,
_c1993.
300 _a90 páginas :
_bilustraciones ;
_c21 cm.
336 _2rdacontent
_atexto
_btxt
337 _2rdamedia
_asin mediación
_bn
338 _2rdacarrier
_avolumen
_bnc
590 _aInventariado, 2018/VM
650 4 _aPoesía dominicana
_966
650 0 _aLiteratura dominicana.
_967
910 _aValidado. Control de calidad MMOLINA
942 _2ddc
_cLBS1
999 _c9267
_d9267